[Event "DVM U20w 2019"]
[Site "Braunschweig GER"]
[Date "2019.12.27"]
[Round "2"]
[White "Berelowitsch, Dana"]
[Black "de Veer, Mara"]
[Result "1-0"]
[Termination "normal"]
[Board "1.3"]
[WhiteElo "1792"]
[BlackElo "1447"]
[WhiteClock "00:25:52"]
[BlackClock "00:00:34"]
[WhiteTeam "Schachgesellschaft Solingen e. V."]
[BlackTeam "SC Borussia Lichtenberg"]
[PlyCount "77"]
[WhiteFideId "12977144"]
[BlackFideId "16217349"]
[EventCountry "GER"]
[EventRounds "7"]
[EventType "team-swiss"]
[EventDate "2019.12.26"]

1. e4 {[%clk 1:30:58]} c6 {[%clk 1:30:53]} 2. d4 {[%clk 1:31:24]} d5 {[%clk
1:31:17]} 3. Nc3 {[%clk 1:31:50]} dxe4 {[%clk 1:31:38]} 4. Nxe4 {[%clk
1:32:14]} Bf5 {[%clk 1:31:59]} 5. Ng3 {[%clk 1:32:38]} Bg6 {[%clk 1:32:20]} 6.
h4 {[%clk 1:33:03]} h6 {[%clk 1:32:39]} 7. Nf3 {[%clk 1:33:29]} e6 {[%clk
1:32:08]} 8. Ne5 {[%clk 1:29:56]} Ne7 {[%clk 1:26:33]} 9. Nxg6 {[%clk 1:25:59]}
Nxg6 {[%clk 1:25:29]} 10. h5 {[%clk 1:26:12]} Ne7 {[%clk 1:25:36]} 11. Qd3
{[%clk 1:24:10]} Qc7 {[%clk 1:22:07]} 12. Bd2 {[%clk 1:23:07]} Nd7 {[%clk
1:21:45]} 13. O-O-O {[%clk 1:22:36]} O-O-O {[%clk 1:21:17]} 14. Qa3 {[%clk
1:16:03]} Qb8 {[%clk 1:06:36]} 15. Qf3 {[%clk 1:08:54]} Nf6 {[%clk 1:01:39]}
16. Bf4 {[%clk 1:08:11]} Qa8 {[%clk 1:01:08]} 17. Be5 {[%clk 1:03:33]} Ned5
{[%clk 0:49:04]} 18. c4 {[%clk 1:02:19]} Nb6 {[%clk 0:43:47]} 19. Bxf6 {[%clk
0:59:42]} gxf6 {[%clk 0:43:47]} 20. Qxf6 {[%clk 0:59:52]} Rh7 {[%clk 0:40:07]}
21. Bd3 {[%clk 0:59:32]} Rg7 {[%clk 0:40:00]} 22. Ne4 {[%clk 0:51:32]} Qb8
{[%clk 0:25:03]} 23. Qxh6 {[%clk 0:43:29]} Qc7 {[%clk 0:17:56]} 24. Qf6 {[%clk
0:40:16]} Rg8 {[%clk 0:12:16]} 25. h6 {[%clk 0:36:13]} Be7 {[%clk 0:07:19]} 26.
Qxf7 {[%clk 0:34:13]} e5 {[%clk 0:02:56]} 27. Qe6+ {[%clk 0:32:21]} Kb8 {[%clk
0:01:48]} 28. h7 {[%clk 0:31:33]} Rh8 {[%clk 0:01:33]} 29. Qxe5 {[%clk
0:30:36]} Qxe5 {[%clk 0:01:06]} 30. dxe5 {[%clk 0:31:05]} Rdf8 {[%clk 0:00:58]}
31. g4 {[%clk 0:27:17]} Rf7 {[%clk 0:00:43]} 32. Nf6 {[%clk 0:27:13]} Bxf6
{[%clk 0:00:45]} 33. exf6 {[%clk 0:27:41]} Rxf6 {[%clk 0:01:11]} 34. g5 {[%clk
0:27:36]} Rf7 {[%clk 0:00:56]} 35. g6 {[%clk 0:27:22]} Rg7 {[%clk 0:01:07]} 36.
f4 {[%clk 0:26:27]} Nd7 {[%clk 0:00:41]} 37. f5 {[%clk 0:26:33]} Nf6 {[%clk
0:00:53]} 38. Rde1 {[%clk 0:26:06]} Kc7 {[%clk 0:00:34]} 39. Re6 {[%clk
0:25:52]} 1-0

[Event "DVM U20w 2019"]
[Site "Braunschweig GER"]
[Date "2019.12.27"]
[Round "2"]
[White "Miljkovic, Jovana"]
[Black "Köhler, Inken"]
[Result "1/2-1/2"]
[Termination "normal"]
[Board "2.1"]
[WhiteTitle "WFM"]
[WhiteElo "2021"]
[BlackElo "1998"]
[WhiteClock "00:28:14"]
[BlackClock "00:52:53"]
[WhiteTeam "SV Lingen"]
[BlackTeam "TuRa Harksheide von 1945 Norderstedt e.V."]
[PlyCount "104"]
[WhiteFideId "958336"]
[BlackFideId "12929301"]
[EventCountry "GER"]
[EventRounds "7"]
[EventType "team-swiss"]
[EventDate "2019.12.26"]

1. Nf3 {[%clk 1:30:58]} g6 {[%clk 1:30:55]} 2. e4 {[%clk 1:31:23]} Bg7 {[%clk
1:31:19]} 3. d4 {[%clk 1:31:48]} d6 {[%clk 1:31:36]} 4. c3 {[%clk 1:31:15]} Nf6
{[%clk 1:31:28]} 5. Bd3 {[%clk 1:31:38]} O-O {[%clk 1:31:17]} 6. O-O {[%clk
1:31:58]} Nbd7 {[%clk 1:30:48]} 7. h3 {[%clk 1:28:26]} e5 {[%clk 1:29:58]} 8.
Re1 {[%clk 1:26:14]} Qe7 {[%clk 1:28:07]} 9. a4 {[%clk 1:20:36]} a5 {[%clk
1:27:21]} 10. Na3 {[%clk 1:20:44]} Nb6 {[%clk 1:24:12]} 11. Qc2 {[%clk
1:16:48]} c6 {[%clk 1:22:09]} 12. dxe5 {[%clk 1:12:19]} dxe5 {[%clk 1:22:25]}
13. Be3 {[%clk 1:10:40]} Nfd7 {[%clk 1:21:06]} 14. Nc4 {[%clk 1:04:15]} Nxc4
{[%clk 1:17:20]} 15. Bxc4 {[%clk 1:02:45]} Nc5 {[%clk 1:16:08]} 16. Red1 {[%clk
1:01:03]} Ne6 {[%clk 1:12:20]} 17. Rd2 {[%clk 0:59:46]} Rd8 {[%clk 1:10:39]}
18. Rad1 {[%clk 0:58:18]} Rxd2 {[%clk 1:09:35]} 19. Qxd2 {[%clk 0:58:25]} b5
{[%clk 1:04:31]} 20. axb5 {[%clk 0:50:43]} cxb5 {[%clk 1:04:39]} 21. Bxb5
{[%clk 0:50:13]} Bb7 {[%clk 1:04:17]} 22. Qd7 {[%clk 0:46:05]} Qxd7 {[%clk
1:03:24]} 23. Rxd7 {[%clk 0:46:34]} Bxe4 {[%clk 1:03:07]} 24. Ng5 {[%clk
0:40:22]} Bf5 {[%clk 0:51:39]} 25. Nxe6 {[%clk 0:37:45]} Bxe6 {[%clk 0:51:50]}
26. Ra7 {[%clk 0:37:25]} Rxa7 {[%clk 0:51:36]} 27. Bxa7 {[%clk 0:37:54]} Bb3
{[%clk 0:51:42]} 28. Bb6 {[%clk 0:38:15]} a4 {[%clk 0:52:06]} 29. Kf1 {[%clk
0:36:51]} e4 {[%clk 0:51:12]} 30. Bd4 {[%clk 0:32:44]} Bxd4 {[%clk 0:49:39]}
31. cxd4 {[%clk 0:33:12]} f5 {[%clk 0:49:53]} 32. d5 {[%clk 0:30:00]} Bxd5
{[%clk 0:46:44]} 33. Bxa4 {[%clk 0:30:28]} Kf7 {[%clk 0:45:52]} 34. g3 {[%clk
0:28:29]} Ke6 {[%clk 0:45:18]} 35. Ke2 {[%clk 0:28:52]} Ke5 {[%clk 0:45:30]}
36. h4 {[%clk 0:23:06]} h6 {[%clk 0:41:50]} 37. Be8 {[%clk 0:18:52]} g5 {[%clk
0:41:41]} 38. hxg5 {[%clk 0:19:17]} hxg5 {[%clk 0:42:07]} 39. Kd2 {[%clk
0:18:21]} f4 {[%clk 0:34:30]} 40. gxf4+ {[%clk 0:16:37]} Kxf4 {[%clk 0:34:21]}
41. Bb5 {[%clk 0:15:20]} Kf3 {[%clk 0:32:46]} 42. Ke1 {[%clk 0:15:24]} Bb3
{[%clk 0:31:42]} 43. Be2+ {[%clk 0:12:41]} Kg2 {[%clk 0:30:48]} 44. Bg4 {[%clk
0:11:15]} Bc4 {[%clk 0:27:52]} 45. b4 {[%clk 0:08:13]} Ba6 {[%clk 0:25:42]} 46.
Bd7 {[%clk 0:04:36]} Kf3 {[%clk 0:20:19]} 47. b5 {[%clk 0:01:11]} Bb7 {[%clk
0:20:45]} 48. Bc6 {[%clk 0:01:26]} Bc8 {[%clk 0:21:13]} 49. b6 {[%clk 0:01:04]}
g4 {[%clk 0:21:35]} 50. b7 {[%clk 0:27:22]} Bxb7 {[%clk 0:52:02]} 51. Bxb7
{[%clk 0:27:50]} g3 {[%clk 0:52:26]} 52. fxg3 {[%clk 0:28:14]} Kxg3 {[%clk
0:52:53]} 1/2-1/2

[Event "DVM U20w 2019"]
[Site "Braunschweig GER"]
[Date "2019.12.27"]
[Round "2"]
[White "Rudolph, Eva"]
[Black "Peglau, Sarah"]
[Result "1-0"]
[Termination "normal"]
[Board "3.2"]
[WhiteElo "1711"]
[BlackElo "1760"]
[WhiteClock "00:10:19"]
[BlackClock "00:44:54"]
[WhiteTeam "Düsseldorfer Schachklub 14/25 e. V."]
[BlackTeam "Schachzentrum Seeblick e. V."]
[PlyCount "51"]
[WhiteFideId "16200594"]
[BlackFideId "16219961"]
[EventCountry "GER"]
[EventRounds "7"]
[EventType "team-swiss"]
[EventDate "2019.12.26"]

1. e4 {[%clk 1:30:58]} e6 {[%clk 1:30:56]} 2. d4 {[%clk 1:31:17]} d5 {[%clk
1:31:22]} 3. Nd2 {[%clk 1:31:37]} dxe4 {[%clk 1:31:46]} 4. Nxe4 {[%clk
1:32:00]} Bd7 {[%clk 1:32:11]} 5. Nf3 {[%clk 1:31:15]} Bc6 {[%clk 1:32:32]} 6.
Bd3 {[%clk 1:31:01]} Nd7 {[%clk 1:32:44]} 7. O-O {[%clk 1:29:57]} Ngf6 {[%clk
1:32:50]} 8. Nxf6+ {[%clk 1:27:38]} Qxf6 {[%clk 1:31:33]} 9. Be2 {[%clk
1:20:25]} Bd6 {[%clk 1:29:54]} 10. c4 {[%clk 1:17:21]} Bxf3 {[%clk 1:28:25]}
11. Bxf3 {[%clk 1:16:39]} c6 {[%clk 1:28:38]} 12. Be3 {[%clk 1:14:26]} O-O
{[%clk 1:27:56]} 13. Qd2 {[%clk 1:12:34]} Rad8 {[%clk 1:23:44]} 14. Bg5 {[%clk
1:04:30]} Qg6 {[%clk 1:20:50]} 15. Bxd8 {[%clk 1:01:59]} Rxd8 {[%clk 1:21:19]}
16. d5 {[%clk 0:53:38]} Ne5 {[%clk 1:20:18]} 17. Be2 {[%clk 0:51:22]} exd5
{[%clk 1:18:02]} 18. cxd5 {[%clk 0:48:39]} c5 {[%clk 1:17:47]} 19. f4 {[%clk
0:43:31]} Nd7 {[%clk 1:16:50]} 20. Rae1 {[%clk 0:40:21]} Nf6 {[%clk 1:16:03]}
21. Bd3 {[%clk 0:32:16]} Qh5 {[%clk 1:14:35]} 22. Be2 {[%clk 0:28:26]} Qf5
{[%clk 1:06:57]} 23. g3 {[%clk 0:26:16]} b6 {[%clk 1:01:24]} 24. Bd1 {[%clk
0:21:28]} Nxd5 {[%clk 0:50:50]} 25. Bb3 {[%clk 0:16:45]} Nb4 {[%clk 0:44:54]}
26. Qxd6 {[%clk 0:10:19]} 1-0

[Event "DVM U20w 2019"]
[Site "Braunschweig GER"]
[Date "2019.12.27"]
[Round "2"]
[White "Peglau, Charis"]
[Black "Sokolowski, Judith"]
[Result "0-1"]
[Termination "normal"]
[Board "3.3"]
[WhiteElo "1728"]
[BlackElo "1722"]
[WhiteClock "01:08:22"]
[BlackClock "00:21:19"]
[WhiteTeam "Schachzentrum Seeblick e. V."]
[BlackTeam "Düsseldorfer Schachklub 14/25 e. V."]
[PlyCount "92"]
[WhiteFideId "16219996"]
[BlackFideId "16200624"]
[EventCountry "GER"]
[EventRounds "7"]
[EventType "team-swiss"]
[EventDate "2019.12.26"]

1. d4 d5 {[%clk 1:31:26]} 2. c4 {[%clk 1:31:20]} e6 {[%clk 1:31:51]} 3. Nf3
{[%clk 1:31:40]} Nf6 {[%clk 1:32:15]} 4. Nc3 {[%clk 1:32:00]} Nbd7 {[%clk
1:32:01]} 5. e3 {[%clk 1:31:43]} Bd6 {[%clk 1:29:26]} 6. Bd2 {[%clk 1:31:19]}
b6 {[%clk 1:24:46]} 7. Rc1 {[%clk 1:28:11]} c6 {[%clk 1:20:59]} 8. cxd5 {[%clk
1:27:40]} exd5 {[%clk 1:19:41]} 9. Bd3 {[%clk 1:26:12]} O-O {[%clk 1:18:25]}
10. O-O {[%clk 1:26:06]} Re8 {[%clk 1:16:44]} 11. a3 {[%clk 1:24:17]} c5 {[%clk
1:08:56]} 12. Nb5 {[%clk 1:20:18]} Bf8 {[%clk 1:06:19]} 13. Re1 {[%clk
1:18:01]} c4 {[%clk 0:59:37]} 14. Be2 {[%clk 1:16:57]} a6 {[%clk 0:58:16]} 15.
Nc3 {[%clk 1:16:22]} b5 {[%clk 0:57:03]} 16. h3 {[%clk 1:15:43]} Bd6 {[%clk
0:53:24]} 17. Qc2 {[%clk 1:15:01]} Nb6 {[%clk 0:49:42]} 18. Na2 {[%clk
1:11:45]} a5 {[%clk 0:43:39]} 19. Nc3 {[%clk 1:05:34]} Bd7 {[%clk 0:42:30]} 20.
Bf1 {[%clk 1:04:02]} b4 {[%clk 0:40:15]} 21. axb4 {[%clk 1:02:46]} axb4 {[%clk
0:40:29]} 22. Ne2 {[%clk 1:02:37]} Ra2 {[%clk 0:31:29]} 23. Ra1 {[%clk
1:01:42]} Qa8 {[%clk 0:30:15]} 24. Qb1 {[%clk 1:00:38]} Rxa1 {[%clk 0:29:25]}
25. Qxa1 {[%clk 0:59:06]} Qb7 {[%clk 0:27:30]} 26. Qb1 {[%clk 0:56:27]} Ne4
{[%clk 0:25:21]} 27. Rc1 {[%clk 0:52:26]} Ra8 {[%clk 0:24:16]} 28. Be1 {[%clk
0:49:50]} Qc8 {[%clk 0:16:57]} 29. Rd1 {[%clk 0:48:57]} Ba4 {[%clk 0:14:45]}
30. Rc1 {[%clk 0:48:20]} Bb3 {[%clk 0:13:35]} 31. Nd2 {[%clk 0:47:19]} Nxd2
{[%clk 0:08:59]} 32. Bxd2 {[%clk 0:47:40]} Qa6 {[%clk 0:08:06]} 33. Qf5 {[%clk
0:47:09]} Qa2 {[%clk 0:05:58]} 34. Qb1 {[%clk 0:46:26]} Na4 {[%clk 0:04:53]}
35. Qf5 {[%clk 0:44:02]} Nb6 {[%clk 0:04:11]} 36. Qb1 {[%clk 0:44:18]} Na4
{[%clk 0:03:57]} 37. Qf5 {[%clk 0:44:33]} Nxb2 {[%clk 0:03:38]} 38. Qxd5 {[%clk
0:44:38]} c3 {[%clk 0:02:37]} 39. Qxd6 {[%clk 0:43:02]} cxd2 {[%clk 0:02:28]}
40. Qxb4 {[%clk 0:42:28]} d1=Q {[%clk 0:01:22]} 41. Rxd1 {[%clk 0:42:45]} Nxd1
{[%clk 0:00:39]} 42. g3 {[%clk 0:39:34]} g6 {[%clk 0:28:11]} 43. e4 {[%clk
1:09:21]} Bc4 {[%clk 0:26:04]} 44. Qe1 {[%clk 1:09:18]} Qc2 {[%clk 0:23:03]}
45. Nf4 {[%clk 1:08:50]} Bxf1 {[%clk 0:22:43]} 46. Kxf1 {[%clk 1:08:22]} Ra2
{[%clk 0:21:19]} 0-1

[Event "DVM U20w 2019"]
[Site "Braunschweig GER"]
[Date "2019.12.27"]
[Round "2"]
[White "Cerkez, Lorena"]
[Black "Peglau, Dora"]
[Result "0-1"]
[Termination "normal"]
[Board "3.4"]
[WhiteElo "1000"]
[BlackElo "1502"]
[WhiteClock "00:08:03"]
[BlackClock "00:22:58"]
[WhiteTeam "Düsseldorfer Schachklub 14/25 e. V."]
[BlackTeam "Schachzentrum Seeblick e. V."]
[PlyCount "92"]
[WhiteFideId "14418614"]
[BlackFideId "16220005"]
[EventCountry "GER"]
[EventRounds "7"]
[EventType "team-swiss"]
[EventDate "2019.12.26"]

1. e4 {[%clk 1:30:58]} c5 {[%clk 1:30:50]} 2. Nc3 {[%clk 1:31:19]} Nc6 {[%clk
1:31:09]} 3. Bb5 {[%clk 1:31:45]} g6 {[%clk 1:31:03]} 4. Bxc6 {[%clk 1:31:49]}
bxc6 {[%clk 1:31:20]} 5. d3 {[%clk 1:31:57]} Bg7 {[%clk 1:31:43]} 6. Be3 {[%clk
1:30:08]} d6 {[%clk 1:31:27]} 7. Qd2 {[%clk 1:29:46]} Nf6 {[%clk 1:30:11]} 8.
h3 {[%clk 1:29:18]} Rb8 {[%clk 1:29:17]} 9. Rb1 {[%clk 1:29:22]} O-O {[%clk
1:27:57]} 10. Nge2 {[%clk 1:29:41]} Qa5 {[%clk 1:12:22]} 11. O-O {[%clk
1:27:15]} Bb7 {[%clk 1:04:28]} 12. d4 {[%clk 1:03:47]} cxd4 {[%clk 1:04:00]}
13. Nxd4 {[%clk 1:02:43]} c5 {[%clk 0:58:59]} 14. Nde2 {[%clk 1:02:45]} Qc7
{[%clk 0:57:14]} 15. Ng3 {[%clk 0:57:02]} Bc6 {[%clk 0:53:23]} 16. Rfd1 {[%clk
0:50:41]} Rb6 {[%clk 0:48:09]} 17. Bh6 {[%clk 0:45:30]} Qb7 {[%clk 0:46:46]}
18. Bxg7 {[%clk 0:45:37]} Kxg7 {[%clk 0:47:14]} 19. b3 {[%clk 0:36:53]} Nxe4
{[%clk 0:46:46]} 20. Ngxe4 {[%clk 0:37:12]} Bxe4 {[%clk 0:46:59]} 21. Nxe4
{[%clk 0:37:02]} Qxe4 {[%clk 0:47:17]} 22. Re1 {[%clk 0:36:58]} Qb7 {[%clk
0:47:34]} 23. Qc3+ {[%clk 0:36:46]} Kg8 {[%clk 0:44:41]} 24. Re3 {[%clk
0:36:38]} Rc8 {[%clk 0:41:19]} 25. Rg3 {[%clk 0:34:53]} c4 {[%clk 0:40:32]} 26.
Qd2 {[%clk 0:33:33]} cxb3 {[%clk 0:39:54]} 27. axb3 {[%clk 0:32:12]} Qc7 {[%clk
0:39:31]} 28. c4 {[%clk 0:31:34]} Qb7 {[%clk 0:39:32]} 29. Qe2 {[%clk 0:30:36]}
Rb4 {[%clk 0:38:43]} 30. h4 {[%clk 0:25:08]} Rcxc4 {[%clk 0:37:40]} 31. bxc4
{[%clk 0:23:41]} Rxb1+ {[%clk 0:38:02]} 32. Kh2 {[%clk 0:24:04]} Rb2 {[%clk
0:37:50]} 33. Qf1 {[%clk 0:22:03]} Qe4 {[%clk 0:38:05]} 34. h5 {[%clk 0:21:07]}
Rb1 {[%clk 0:37:16]} 35. Qd3 {[%clk 0:20:11]} Qe1 {[%clk 0:36:32]} 36. Re3
{[%clk 0:19:54]} Qh1+ {[%clk 0:35:55]} 37. Kg3 {[%clk 0:20:14]} Rg1 {[%clk
0:36:01]} 38. Qd5 {[%clk 0:20:02]} Rd1 {[%clk 0:28:09]} 39. Qa8+ {[%clk
0:19:41]} Kg7 {[%clk 0:28:31]} 40. Rxe7 {[%clk 0:18:09]} Rd3+ {[%clk 0:26:04]}
41. f3 {[%clk 0:12:59]} Rd2 {[%clk 0:25:12]} 42. h6+ {[%clk 0:10:38]} Qxh6
{[%clk 0:22:34]} 43. Qe8 {[%clk 0:08:41]} Qg5+ {[%clk 0:22:37]} 44. Kh3 {[%clk
0:08:14]} Qxg2+ {[%clk 0:22:49]} 45. Kh4 {[%clk 0:08:26]} Qh2+ {[%clk 0:22:41]}
46. Kg4 {[%clk 0:08:03]} Rg2# {[%clk 0:22:58]} 0-1

[Event "DVM U20w 2019"]
[Site "Braunschweig GER"]
[Date "2019.12.27"]
[Round "2"]
[White "Ziegenfuß, Antonia"]
[Black "Brunner, Sophia"]
[Result "1-0"]
[Termination "normal"]
[Board "4.1"]
[WhiteTitle "WFM"]
[WhiteElo "2052"]
[BlackElo "1852"]
[WhiteClock "00:01:54"]
[BlackClock "00:02:22"]
[WhiteTeam "OSG Baden-Baden"]
[BlackTeam "SK Nordhorn-Blanke"]
[PlyCount "149"]
[WhiteFideId "12962554"]
[BlackFideId "12960683"]
[EventCountry "GER"]
[EventRounds "7"]
[EventType "team-swiss"]
[EventDate "2019.12.26"]

1. d4 {[%clk 1:30:58]} Nf6 {[%clk 1:30:50]} 2. c4 {[%clk 1:31:24]} e6 {[%clk
1:31:11]} 3. Nc3 {[%clk 1:31:49]} d5 {[%clk 1:31:15]} 4. cxd5 {[%clk 1:32:12]}
exd5 {[%clk 1:31:21]} 5. Bg5 {[%clk 1:32:20]} Be7 {[%clk 1:28:45]} 6. e3 {[%clk
1:31:53]} c6 {[%clk 1:28:40]} 7. Qc2 {[%clk 1:31:10]} h6 {[%clk 1:26:42]} 8.
Bh4 {[%clk 1:30:47]} O-O {[%clk 1:22:04]} 9. f3 {[%clk 1:21:18]} Re8 {[%clk
1:18:34]} 10. Nge2 {[%clk 1:13:46]} Bb4 {[%clk 1:12:15]} 11. Bf2 {[%clk
1:12:54]} Nbd7 {[%clk 1:08:54]} 12. a3 {[%clk 1:01:34]} Ba5 {[%clk 0:58:53]}
13. g4 {[%clk 0:57:52]} Nh7 {[%clk 0:54:03]} 14. h4 {[%clk 0:52:41]} Ndf8
{[%clk 0:50:58]} 15. Qd3 {[%clk 0:40:14]} Qf6 {[%clk 0:50:09]} 16. Bg2 {[%clk
0:38:25]} Qg6 {[%clk 0:48:38]} 17. Qd2 {[%clk 0:34:31]} f5 {[%clk 0:46:24]} 18.
O-O-O {[%clk 0:21:57]} fxg4 {[%clk 0:44:45]} 19. Rdg1 {[%clk 0:20:02]} Qf7
{[%clk 0:43:49]} 20. Nf4 {[%clk 0:17:41]} Bc7 {[%clk 0:40:25]} 21. fxg4 {[%clk
0:15:48]} Bxf4 {[%clk 0:37:18]} 22. exf4 {[%clk 0:16:11]} Bxg4 {[%clk 0:35:00]}
23. Bxd5 {[%clk 0:14:02]} cxd5 {[%clk 0:34:51]} 24. Rxg4 {[%clk 0:14:25]} Nf6
{[%clk 0:31:59]} 25. Rg2 {[%clk 0:13:38]} Ne4 {[%clk 0:26:40]} 26. Nxe4 {[%clk
0:13:27]} Rxe4 {[%clk 0:26:47]} 27. Rhg1 {[%clk 0:12:44]} Ne6 {[%clk 0:21:04]}
28. Kb1 {[%clk 0:10:15]} Qf5 {[%clk 0:11:03]} 29. Ka2 {[%clk 0:09:37]} Rf8
{[%clk 0:10:54]} 30. Be3 {[%clk 0:07:38]} Rf7 {[%clk 0:10:16]} 31. Rg3 {[%clk
0:07:09]} Nf8 {[%clk 0:05:14]} 32. Qg2 {[%clk 0:05:35]} Ree7 {[%clk 0:04:52]}
33. Rc1 {[%clk 0:04:48]} Rc7 {[%clk 0:04:11]} 34. Qd2 {[%clk 0:02:53]} Ne6
{[%clk 0:01:52]} 35. Rgg1 {[%clk 0:02:07]} Nd8 {[%clk 0:00:54]} 36. Rgd1 {[%clk
0:01:11]} Ne6 {[%clk 0:00:46]} 37. Rg1 {[%clk 0:01:14]} Nd8 {[%clk 0:01:03]}
38. Rgd1 {[%clk 0:01:40]} Nc6 {[%clk 0:01:13]} 39. Rc5 {[%clk 0:00:52]} b6
{[%clk 0:01:09]} 40. Rc3 {[%clk 0:01:17]} Na5 {[%clk 0:00:55]} 41. b3 {[%clk
0:25:29]} Nb7 {[%clk 0:26:24]} 42. Rdc1 {[%clk 0:23:25]} Rxc3 {[%clk 0:26:23]}
43. Qxc3 {[%clk 0:22:54]} Re7 {[%clk 0:20:38]} 44. Kb2 {[%clk 0:19:13]} Qh3
{[%clk 0:17:55]} 45. Bd2 {[%clk 0:11:06]} Qxc3+ {[%clk 0:17:11]} 46. Rxc3
{[%clk 0:08:04]} Nd6 {[%clk 0:16:10]} 47. Re3 {[%clk 0:05:58]} Rxe3 {[%clk
0:15:04]} 48. Bxe3 {[%clk 0:06:24]} Kf7 {[%clk 0:13:36]} 49. Kc3 {[%clk
0:06:23]} Ke6 {[%clk 0:13:19]} 50. Kb4 {[%clk 0:04:59]} Kf5 {[%clk 0:10:54]}
51. Bg1 {[%clk 0:05:05]} Kg4 {[%clk 0:09:17]} 52. f5 {[%clk 0:04:03]} Nxf5
{[%clk 0:04:31]} 53. Kb5 {[%clk 0:04:22]} Kg3 {[%clk 0:04:50]} 54. Ka6 {[%clk
0:04:35]} Kg2 {[%clk 0:05:13]} 55. Kxa7 {[%clk 0:04:56]} Kxg1 {[%clk 0:05:37]}
56. Kxb6 {[%clk 0:05:20]} g5 {[%clk 0:01:01]} 57. hxg5 {[%clk 0:04:53]} h5
{[%clk 0:01:01]} 58. a4 {[%clk 0:04:56]} h4 {[%clk 0:01:22]} 59. a5 {[%clk
0:05:16]} h3 {[%clk 0:00:55]} 60. a6 {[%clk 0:05:42]} Nd6 {[%clk 0:00:53]} 61.
g6 {[%clk 0:05:42]} h2 {[%clk 0:00:43]} 62. g7 {[%clk 0:05:54]} Nc8+ {[%clk
0:01:08]} 63. Kc5 {[%clk 0:02:32]} Ne7 {[%clk 0:01:32]} 64. a7 {[%clk 0:02:57]}
h1=Q {[%clk 0:01:53]} 65. a8=Q {[%clk 0:03:18]} Qg2 {[%clk 0:01:21]} 66. Qf8
{[%clk 0:01:25]} Qg5 {[%clk 0:00:41]} 67. Kd6 {[%clk 0:01:25]} Nf5+ {[%clk
0:00:37]} 68. Qxf5 {[%clk 0:01:43]} Qxg7 {[%clk 0:00:38]} 69. Qxd5 {[%clk
0:01:46]} Qf8+ {[%clk 0:01:06]} 70. Kc7 {[%clk 0:01:14]} Qe7+ {[%clk 0:01:22]}
71. Qd7 {[%clk 0:01:23]} Qb4 {[%clk 0:01:37]} 72. d5 {[%clk 0:00:59]} Qxb3
{[%clk 0:01:56]} 73. d6 {[%clk 0:01:21]} Qc4+ {[%clk 0:01:57]} 74. Qc6 {[%clk
0:01:45]} Qf4 {[%clk 0:02:22]} 75. Kb7 {[%clk 0:01:54]} 1-0

[Event "DVM U20w 2019"]
[Site "Braunschweig GER"]
[Date "2019.12.27"]
[Round "2"]
[White "Fock, Amina"]
[Black "Doll, Rebecca"]
[Result "1/2-1/2"]
[Termination "normal"]
[Board "4.2"]
[WhiteElo "1807"]
[BlackElo "1659"]
[WhiteClock "01:01:13"]
[BlackClock "01:29:13"]
[WhiteTeam "SK Nordhorn-Blanke"]
[BlackTeam "OSG Baden-Baden"]
[PlyCount "35"]
[WhiteFideId "12981982"]
[BlackFideId "16236890"]
[EventCountry "GER"]
[EventRounds "7"]
[EventType "team-swiss"]
[EventDate "2019.12.26"]

1. e4 {[%clk 1:30:57]} e5 {[%clk 1:30:54]} 2. Nf3 {[%clk 1:31:23]} Nc6 {[%clk
1:31:19]} 3. Bb5 {[%clk 1:31:48]} a6 {[%clk 1:31:44]} 4. Ba4 {[%clk 1:32:12]}
d6 {[%clk 1:31:53]} 5. c3 {[%clk 1:32:10]} f5 {[%clk 1:30:16]} 6. d4 {[%clk
1:22:19]} fxe4 {[%clk 1:29:56]} 7. Nxe5 {[%clk 1:18:33]} dxe5 {[%clk 1:29:48]}
8. Bxc6+ {[%clk 1:17:46]} bxc6 {[%clk 1:29:39]} 9. Qh5+ {[%clk 1:17:57]} Ke7
{[%clk 1:28:34]} 10. Bg5+ {[%clk 1:18:03]} Nf6 {[%clk 1:28:58]} 11. dxe5 {[%clk
1:18:13]} Qd5 {[%clk 1:27:37]} 12. Bh4 {[%clk 1:03:04]} Ke6 {[%clk 1:27:20]}
13. Bxf6 {[%clk 1:02:43]} gxf6 {[%clk 1:27:40]} 14. Qe8+ {[%clk 1:02:29]} Kf5
{[%clk 1:28:01]} 15. Qh5+ {[%clk 1:00:14]} Ke6 {[%clk 1:28:26]} 16. Qe8+ {[%clk
1:00:26]} Kf5 {[%clk 1:28:48]} 17. Qh5+ {[%clk 1:00:52]} Ke6 {[%clk 1:29:13]}
18. Qe8+ {[%clk 1:01:13]} 1/2-1/2

[Event "DVM U20w 2019"]
[Site "Braunschweig GER"]
[Date "2019.12.27"]
[Round "2"]
[White "Visvikis, Kassandra"]
[Black "Meijerink, Inken"]
[Result "1-0"]
[Termination "normal"]
[Board "4.3"]
[WhiteElo "1568"]
[BlackElo "1743"]
[WhiteTeam "OSG Baden-Baden"]
[BlackTeam "SK Nordhorn-Blanke"]
[PlyCount "79"]
[WhiteFideId "36052167"]
[BlackFideId "16225465"]
[EventCountry "GER"]
[EventRounds "7"]
[EventType "team-swiss"]
[EventDate "2019.12.26"]

1. e4 c5 2. Nf3 Nc6 3. d4 cxd4 4. Nxd4 Nf6 5. Nc3 e5 6. Nb3 a6 7. f3 d5 8. exd5
Nxd5 9. Bd2 Nxc3 10. bxc3 Bd6 11. Bd3 Be6 12. O-O O-O 13. Kh1 f5 14. Qe2 Qc7
15. Bc4 Bxc4 16. Qxc4+ Kh8 17. Nc5 Bxc5 18. Qxc5 b6 19. Qc4 Qd7 20. Rad1 Rf6
21. Bg5 Rd6 22. Qe2 h6 23. Bh4 Rc8 24. Rxd6 Qxd6 25. Rd1 Qe6 26. Qxa6 Re8 27.
Qb7 e4 28. fxe4 Qxe4 29. Qd7 Re5 30. Rg1 Rc5 31. Bf2 Rxc3 32. Re1 Qxc2 33. Bg1
f4 34. Qf7 Kh7 35. Re8 Qd3 36. Qg8+ Kg6 37. Re6+ Kf5 38. Qf7+ Kg5 39. Qxg7+ Kf5
40. Qg6# 1-0